000 00229nam a22001097a 4500
999 _c12552
_d12552
020 _a9788131520772
082 _a155.2
100 _aSchultz, Duane P.
245 _aTheories of Personality
250 _a10th edition
942 _cBK